000 00518nam a2200217Ia 4500
003 OSt
005 20220924134000.0
006 a|||||r|||| 00| 0
007 ta
008 220923b |||||||| |||| 00| 0 snd d
024 _a271440
037 _cTextual
040 _aARTS
_cARTS
_bsnd
041 _2snd
_asnd
082 _aLA:4:6, 1593K6
100 _aNiwnadram
_9207785
245 0 _aNirogita
260 _c1966
942 _hLA:4:6, 1593K6
_cTEXL
_2CC
999 _c435929
_d435929